| 000 | 00353nam a2200157Ia 4500 | ||
|---|---|---|---|
| 008 | 230312s9999||||xx |||||||||||||| ||und|| | ||
| 020 | _a9788120334663 | ||
| 082 |
_a537 _bPRA-E |
||
| 100 | _aPramanik, Ashutosh | ||
| 245 | 0 | _aElectronmagnetism | |
| 260 |
_bPHI _aIndia _c2009 |
||
| 300 | _a806 | ||
| 546 | _aEng. | ||
| 650 | _aEngineering | ||
| 942 | _cBK | ||
| 999 |
_c3698 _d3698 |
||